Southville International School and Colleges
Your cart is empty.
  • Cart
  • Lists
    Public lists Eva Luna New books Lux_list list_1
    Your lists Log in to create your own lists
  • Log in to your account
  • Your cookies
  • Search history
Southville International School and Colleges
  • Advanced search
  • Recent comments
  • Most popular
  • Libraries

Log in to your account

Log in with GOOGLE


If you do not have an external account, but do have a local account, you can still log in:

  1. Home
  2. MARC view: Frog and toad are friends /
Normal view MARC view ISBD view

Frog and toad are friends / (Record no. 111372)

[ view plain ]
MARC details
000 -LEADER
fixed length control field 00575nam a2200205 a 4500
005 - DATE AND TIME OF LATEST TRANSACTION
control field 20140414131914.0
008 - FIXED-LENGTH DATA ELEMENTS--GENERAL INFORMATION
fixed length control field 040131s19uu xx 00 eng d
020 ## - INTERNATIONAL STANDARD BOOK NUMBER
International Standard Book Number 0-590-04529-6
050 ## - LIBRARY OF CONGRESS CALL NUMBER
Classification number ER
Item number F92 1970
100 ## - MAIN ENTRY--PERSONAL NAME
Personal name Lobel, Arnold
245 ## - TITLE STATEMENT
Title Frog and toad are friends /
Statement of responsibility, etc Arnold Lobel.
260 ## - PUBLICATION, DISTRIBUTION, ETC. (IMPRINT)
Place of publication, distribution, etc New York :
Name of publisher, distributor, etc Scholastic,
Date of publication, distribution, etc 1970.
300 ## - PHYSICAL DESCRIPTION
Extent 64 p. ; cm.
500 ## - GENERAL NOTE
General note Contents: Spring--The Story--A Lost Button--A Swim--The Letter.
650 ## - SUBJECT ADDED ENTRY--TOPICAL TERM
Topical term or geographic name as entry element Frogs
General subdivision Fiction.
650 ## - SUBJECT ADDED ENTRY--TOPICAL TERM
Topical term or geographic name as entry element Children stories.
Holdings
Withdrawn status Lost status Damaged status Home library Current library Shelving location Date acquired Source of acquisition Total Checkouts Full call number Barcode Date last seen Price effective from Koha item type Use restrictions
      Munich Library Munich Library Easy Reading Section 01/31/2004     ER F92 1970 M2079 04/14/2014 04/14/2014 Books  
      Munich Library Munich Library Easy Reading Section 01/31/2006     ER F92 1970 M2078 04/14/2014 04/14/2014 Books  
      Munich Library Munich Library Easy Reading Section 10/20/2010     ER F92 1970 M2358 04/14/2014 04/14/2014 Books  

Frog and toad are friends /

APA

Lobel A., . (1970). Frog and toad are friends. New York: Scholastic.

Chicago

Lobel Arnold, . 1970. Frog and toad are friends. New York: Scholastic.

Harvard

Lobel A., . (1970). Frog and toad are friends. New York: Scholastic.

MLA

Lobel Arnold, . Frog and toad are friends. New York: Scholastic. 1970.

  • Place hold
  • Print
  • Cite
  • Add to your cart (remove)
  • Save record
    BIBTEX Dublin Core MARCXML MARC (non-Unicode/MARC-8) MARC (Unicode/UTF-8) MARC (Unicode/UTF-8, Standard) MODS (XML) RIS
  • More searches
    Search for this title in:
    Other Libraries (WorldCat) Other Databases (Google Scholar) Online Stores (Bookfinder.com) Open Library (openlibrary.org)

Exporting to Dublin Core...

SOUTHVILLE LIBRARY

Southville International School and Colleges Library

1281 Tropical Ave. Cor. Luxembourg St., BF Homes International, Las Pinas City

Tel. No. 8256374 / 252358 Loc. 117/146

Powered by Koha